[Event "GRENKE Chess Open 2017"]
[Site "Karlsruhe GER"]
[Date "2017.04.13"]
[Round "1.13"]
[White "Volkov, Sergey"]
[Black "Hansch, Stephan"]
[Result "1-0"]
[WhiteTitle "GM"]
[WhiteElo "2631"]
[BlackElo "2142"]
[WhiteFideId "4122763"]
[BlackFideId "24692514"]
[EventDate "2017.04.13"]

1. d4 Nf6 2. c4 c5 3. d5 b5 4. Nf3 bxc4 5. Nc3 g6 6. e4 d6 7. e5 dxe5 8. Nxe5
Bg7 9. Bxc4 O-O 10. O-O Nfd7 11. Nc6 Nxc6 12. dxc6 Nb6 13. Qxd8 Rxd8 14. Be2 Be5
15. Be3 c4 16. f4 Bxc3 17. bxc3 Be6 18. Rab1 Bd5 19. Bxb6 axb6 20. Rxb6 Rdc8 21.
Bf3 Bxf3 22. Rxf3 Rxa2 23. Re3 Rd8 24. h4 Rdd2 25. Rg3 Ra7 26. f5 Rc7 27. fxg6
hxg6 28. Rg4 Rd6 29. Rxc4 Kg7 30. Kf2 e5 31. Ke3 Kf6 32. g4 Ke6 33. g5 Kd5 34.
Ra4 Rdxc6 35. Rxc6 Rxc6 36. c4+ Ke6 37. Ke4 Kd6 38. Kd3 Ke6 39. Kc3 Kf5 40. Ra7
Ke6 41. Ra8 Rc7 42. Kb4 Re7 43. Kc5 Kf5 44. Kd6 Re6+ 45. Kd7 e4 46. c5 e3 47.
Ra1 e2 48. Re1 Kg4 49. c6 Re3 50. c7 Rd3+ 51. Ke8 Rc3 52. Rxe2 Rxc7 53. Re4+ Kf5
54. Re7 Rc8+ 55. Kd7 Rc7+ 56. Ke8 Rc8+ 57. Kd7 Rc7+ 58. Ke8 Rc8+ 59. Kd7 Kg4 1-0

[Event "GRENKE Chess Open 2017"]
[Site "Karlsruhe GER"]
[Date "2017.04.14"]
[Round "3.32"]
[White "Miedema, David"]
[Black "Sadzikowski, Daniel"]
[Result "1/2-1/2"]
[WhiteTitle "IM"]
[BlackTitle "IM"]
[WhiteElo "2353"]
[BlackElo "2547"]
[WhiteFideId "1018477"]
[BlackFideId "1132253"]
[EventDate "2017.04.13"]

1. d4 Nf6 2. c4 e6 3. Nc3 Bb4 4. Qc2 d5 5. cxd5 exd5 6. Bg5 h6 7. Bh4 Nc6 8. e3
g5 9. Bg3 Ne4 10. Bd3 Qe7 11. Ne2 h5 12. Bxe4 Qxe4 13. Qxe4+ dxe4 14. h4 gxh4
15. Rxh4 Bg4 16. Kf1 Be7 17. Rh1 h4 18. Nxe4 O-O-O 19. Bf4 Nb4 20. f3 Be6 21. b3
Rhg8 22. Nf2 Bd6 23. Rd1 Nd5 24. Rd3 Bf5 25. Ne4 Bxf4 26. exf4 Rde8 27. Rxh4
Bxe4 28. fxe4 Rxe4 29. g3 Rge8 30. Rh2 Ne3+ 31. Ke1 Ng4 32. Rg2 Ne3 33. Rh2 Ng4
34. Rg2 Ne3 1/2-1/2

[Event "GRENKE Chess Open 2017"]
[Site "Karlsruhe GER"]
[Date "2017.04.15"]
[Round "4.4"]
[White "Moiseenko, Alexander"]
[Black "Popovic, Dusan"]
[Result "1-0"]
[WhiteTitle "GM"]
[BlackTitle "GM"]
[WhiteElo "2670"]
[BlackElo "2523"]
[WhiteFideId "14102560"]
[BlackFideId "927031"]
[EventDate "2017.04.13"]

1. d4 Nf6 2. c4 g6 3. Nc3 Bg7 4. Nf3 O-O 5. Bg5 c5 6. d5 h6 7. Bh4 d6 8. e3 Qb6
9. Rb1 e6 10. Nd2 a6 11. Be2 Qa5 12. Bg3 e5 13. O-O Re8 14. a3 Qd8 15. b4 b6 16.
bxc5 bxc5 17. h3 Nh7 18. Na4 Nd7 19. e4 h5 20. Qc2 Bh6 21. Nb2 Bf4 22. Nd3 Bxg3
23. fxg3 Re7 24. Qc3 Ndf6 25. Bd1 Bd7 26. Bc2 Qf8 27. Rb6 Ree8 28. Qa5 Reb8 29.
Rxb8 Rxb8 30. Kh2 Qc8 31. Ba4 Kg7 32. Bxd7 Nxd7 33. Qa4 Rb6 34. Rb1 Nhf6 35.
Rxb6 Nxb6 36. Qb3 Qc7 37. a4 Nbd7 38. Qc3 Qd8 39. a5 Qh8 40. Kg1 Qh6 41. Nf2 Kf8
42. Kf1 Ke7 43. Ke2 Kd8 44. Qb3 Kc7 45. Qa4 Nb8 46. h4 Qf8 47. Nf3 Nh7 48. g4
Nf6 49. gxh5 Nxh5 50. Ng5 Nf4+ 51. Kf1 f6 52. Ne6+ Nxe6 53. dxe6 Qe7 54. Ng4
Qxe6 55. Ne3 Nc6 56. Nd5+ Kb7 57. Qb3+ Nb4 58. Nxb4 cxb4 59. Qxb4+ Kc8 60. Kg1
f5 61. c5 dxc5 62. Qxc5+ Kd7 63. exf5 gxf5 64. h5 Qf6 65. Qb6 Ke7 66. h6 Kf7 67.
h7 Qh4 68. Qb3+ Kf6 69. Qb6+ Kg7 70. Qc7+ Kg6 71. Qxe5 Qxh7 72. Qd6+ Kg5 73.
Qxa6 Qc7 74. Qb6 Qc1+ 75. Kf2 Qd2+ 76. Kf3 Qd1+ 77. Ke3 Qg1+ 78. Kd3 Qxg2 79.
Qd8+ Kf4 80. Qc7+ Kg4 81. Qg7+ Kh3 82. Qxg2+ Kxg2 83. a6 f4 84. a7 1-0

[Event "GRENKE Chess Open 2017"]
[Site "Karlsruhe GER"]
[Date "2017.04.15"]
[Round "4.5"]
[White "Kovalenko, Igor"]
[Black "Lampert, Jonas"]
[Result "1/2-1/2"]
[WhiteTitle "GM"]
[BlackTitle "IM"]
[WhiteElo "2659"]
[BlackElo "2511"]
[WhiteFideId "14117908"]
[BlackFideId "1303759"]
[EventDate "2017.04.13"]

1. d4 d5 2. c4 c6 3. Nf3 Nf6 4. Qc2 dxc4 5. Qxc4 Bf5 6. g3 e6 7. Bg2 Be7 8. O-O
O-O 9. e3 Nbd7 10. Qe2 Qa5 11. Bd2 Qb6 12. Bc3 Ne4 13. Nbd2 c5 14. Rfe1 Rac8 15.
Nxe4 Bxe4 16. Ne5 Nxe5 17. Bxe4 Nd7 18. dxc5 Nxc5 19. Qg4 g6 20. Bg2 Nd3 21. Re2
Bb4 22. Bd4 Qb5 23. f4 Nc1 24. Rf2 Be1 25. Rf1 Ne2+ 26. Kh1 Nxd4 27. exd4 Ba5
28. Rad1 Qxb2 29. d5 exd5 30. f5 Rc2 31. Qh3 Rd2 32. Bxd5 Rxd1 33. Rxd1 Qe2 34.
Rf1 Qd3 35. Qg2 Rd8 36. Bxb7 Re8 37. fxg6 hxg6 38. Bd5 Qxf1+ 39. Qxf1 Re1 40.
Bxf7+ Kg7 41. Qxe1 Bxe1 42. Bc4 1/2-1/2

[Event "GRENKE Chess Open 2017"]
[Site "Karlsruhe GER"]
[Date "2017.04.15"]
[Round "4.7"]
[White "Baron, Tal"]
[Black "Kuzubov, Yuriy"]
[Result "1/2-1/2"]
[WhiteTitle "GM"]
[BlackTitle "GM"]
[WhiteElo "2528"]
[BlackElo "2641"]
[WhiteFideId "2809958"]
[BlackFideId "14112906"]
[EventDate "2017.04.13"]

1. d4 Nf6 2. c4 e6 3. Nc3 Bb4 4. f3 d5 5. a3 Bxc3+ 6. bxc3 c5 7. cxd5 Nxd5 8.
dxc5 f5 9. Nh3 Qa5 10. Bd2 Qxc5 11. c4 Ne3 12. Qc1 Nxf1 13. Bb4 Qc7 14. Kxf1 Nc6
15. Nf4 Kf7 16. g3 1/2-1/2

[Event "GRENKE Chess Open 2017"]
[Site "Karlsruhe GER"]
[Date "2017.04.15"]
[Round "4.8"]
[White "Banusz, Tamas"]
[Black "Kunte, Abhijit"]
[Result "1/2-1/2"]
[WhiteTitle "GM"]
[BlackTitle "GM"]
[WhiteElo "2613"]
[BlackElo "2491"]
[WhiteFideId "722413"]
[BlackFideId "5002265"]
[EventDate "2017.04.13"]

1. Nf3 c5 2. c4 Nc6 3. d4 cxd4 4. Nxd4 Nf6 5. Nc3 e6 6. Bf4 d5 7. e3 Be7 8. Be2
dxc4 9. Nxc6 Qxd1+ 10. Rxd1 bxc6 11. Bxc4 Nd5 12. Bg3 O-O 13. e4 Nb6 14. Be2 Bb7
15. Kd2 f6 16. Kc2 e5 17. f4 exf4 18. Bxf4 Bc8 19. b3 Be6 20. Ba6 Bc8 21. Bxc8
Raxc8 22. a4 Rfd8 23. Be3 c5 24. a5 Nd7 25. Nd5 Bf8 26. Bf4 Re8 27. Rhe1 Ne5 28.
Bxe5 1/2-1/2

[Event "GRENKE Chess Open 2017"]
[Site "Karlsruhe GER"]
[Date "2017.04.15"]
[Round "4.9"]
[White "Bosiocic, Marin"]
[Black "Studer, Noel"]
[Result "1/2-1/2"]
[WhiteTitle "GM"]
[BlackTitle "IM"]
[WhiteElo "2610"]
[BlackElo "2486"]
[WhiteFideId "14507927"]
[BlackFideId "1319620"]
[EventDate "2017.04.13"]

1. Nf3 d5 2. d4 e6 3. c4 dxc4 4. e3 a6 5. Bxc4 c5 6. O-O Nf6 7. Bd3 cxd4 8. exd4
Nc6 9. Nc3 Be7 10. a3 b5 11. Ne4 Bb7 12. Nc5 Bxc5 13. dxc5 Qd5 14. Be2 Qxc5 15.
Be3 Qf5 16. Rc1 Rd8 17. Qb3 O-O 18. Rc5 Rd5 19. Rfc1 Rxc5 20. Rxc5 Qb1+ 21. Rc1
Qe4 22. Bd3 Qd5 23. Qxd5 Nxd5 24. Ng5 h6 25. Ne4 Ne5 26. Bb1 Nxe3 27. fxe3 Nc4
28. Nc5 Bc8 29. b4 Rd8 30. Kf2 Rd2+ 31. Kf3 Kf8 32. Rc3 Ke7 33. Bd3 Ne5+ 34. Kg3
g5 35. Bf1 Rd6 36. Ne4 Rc6 37. Rxc6 Nxc6 38. h4 f5 39. Nc5 Kd6 40. hxg5 hxg5 41.
Kf2 Ne5 42. g3 Nd7 43. Nxd7 Bxd7 44. Bd3 Bc6 45. Bc2 Be4 46. Bd1 Bc6 47. Bc2 Ke5
48. Ke2 Kf6 49. Kd2 Ke5 50. Ke2 Bd7 51. Kd2 Be8 52. Ke2 Bc6 53. Kd2 Kf6 54. Ke2
Be8 55. Kd2 Bd7 56. Ke2 Bc6 57. Kf2 e5 58. Bb3 Ke7 59. Ke2 Kd6 60. Kd3 Be4+ 61.
Kc3 f4 62. exf4 exf4 63. gxf4 gxf4 64. Kd4 f3 65. Ke3 Ke5 66. a4 Kf5 67. axb5
axb5 68. Bf7 Bc6 69. Bh5 Ke5 1/2-1/2

[Event "GRENKE Chess Open 2017"]
[Site "Karlsruhe GER"]
[Date "2017.04.15"]
[Round "4.10"]
[White "Moskalenko, Alexander"]
[Black "Buhmann, Rainer"]
[Result "1/2-1/2"]
[WhiteTitle "IM"]
[BlackTitle "GM"]
[WhiteElo "2514"]
[BlackElo "2609"]
[WhiteFideId "4155351"]
[BlackFideId "4651340"]
[EventDate "2017.04.13"]

1. c4 e6 2. Nc3 d5 3. e3 Nf6 4. Nf3 Be7 5. b3 O-O 6. Bb2 c5 7. cxd5 Nxd5 8. Qc2
Nc6 9. a3 f5 10. Be2 Nxc3 11. Bxc3 Bd7 12. Qb2 Bf6 13. b4 Bxc3 14. Qxc3 cxb4 15.
axb4 a6 16. O-O Qe7 17. Qc5 Rae8 18. Qb6 e5 19. b5 axb5 20. Bxb5 Kh8 21. Rfc1 e4
22. Bxc6 Bxc6 23. Nd4 f4 24. Nxc6 bxc6 25. exf4 Rxf4 26. g3 Rff8 27. Rxc6 Qd7
28. Rd6 Qf5 29. Qe3 Re5 30. Rda6 h6 31. Ra8 Rxa8 32. Rxa8+ Kh7 33. Ra7 Qf3 34.
Ra1 Rd5 35. Re1 Rd3 36. Qe2 h5 37. h3 Kg6 38. Kh2 Kf5 39. Qxf3+ exf3 40. Re3
Rxd2 41. Rxf3+ Kg6 42. Kg2 Ra2 43. Re3 Kf6 44. Kf3 g6 45. Rd3 Rb2 46. Ke3 Ra2
47. Rd6+ Kf7 48. f3 Ra4 49. Rd4 Ra5 50. Kf4 Ke6 51. Rc4 Rf5+ 52. Ke3 Ra5 53. Kf4
Rf5+ 54. Ke4 Re5+ 55. Kd4 Re1 56. Rc6+ Kf7 57. g4 hxg4 58. hxg4 Re2 59. g5 Re1
60. Rf6+ Kg7 61. Rd6 Kf7 62. Kd5 Rd1+ 63. Ke5 Re1+ 64. Kf4 Re7 65. Rc6 Kg7 66.
Rf6 Re1 67. Rd6 Re7 68. Rd4 Rf7+ 69. Ke4 Re7+ 70. Kd5 Rf7 71. f4 Rf5+ 72. Ke4
Rf7 73. Rd8 Re7+ 74. Kd5 Rf7 75. Ke5 Rf5+ 76. Ke4 Rf7 77. Rc8 Re7+ 78. Kd5 Rf7
79. Ke5 Rf5+ 80. Ke4 Rf7 81. Rc5 Re7+ 82. Re5 Ra7 83. Rd5 Re7+ 84. Kd4 Rf7 85.
Ke5 Re7+ 86. Kd6 Re4 87. Rc5 Rxf4 88. Rc7+ Kg8 89. Ke6 Rf5 90. Rc8+ Kg7 1/2-1/2

[Event "GRENKE Chess Open 2017"]
[Site "Karlsruhe GER"]
[Date "2017.04.15"]
[Round "4.11"]
[White "Dann, Matthias"]
[Black "Onischuk, Vladimir"]
[Result "1/2-1/2"]
[WhiteTitle "IM"]
[BlackTitle "GM"]
[WhiteElo "2493"]
[BlackElo "2599"]
[WhiteFideId "24638056"]
[BlackFideId "14114038"]
[EventDate "2017.04.13"]

1. e4 d6 2. d4 Nf6 3. Nc3 g6 4. f4 Bg7 5. Nf3 O-O 6. Be3 a6 7. e5 Ng4 8. Bg1 f6
9. h3 Nh6 10. Qe2 fxe5 11. fxe5 dxe5 12. O-O-O e6 13. dxe5 Nd7 14. g4 Qe7 15.
Bg2 Nf7 16. h4 Ndxe5 17. Nxe5 Bxe5 18. Ne4 Bd7 19. g5 Bb5 20. Qg4 Rad8 21. Rxd8
Rxd8 22. Bc5 Nd6 23. h5 Bc6 24. hxg6 hxg6 25. Rh6 Bxe4 26. Bxe4 Qf7 27. Rxg6+
Bg7 28. Rf6 Bxf6 29. gxf6+ Kf8 30. Qg5 Qg8 31. Bg6 Qh8 32. b3 b6 33. Bb4 a5 34.
Bc3 Nf7 35. Bxf7 Kxf7 36. Kb2 Rd6 37. Qg2 Rd5 38. Qg3 Rc5 39. Bd4 Rc6 40. Qg2
Rd6 41. Bc3 Rd5 42. Qg3 Rd7 43. Qg2 c5 44. Qc6 Qd8 45. Qg2 Qf8 46. Qh1 Qg8 1/2-1/2

[Event "GRENKE Chess Open 2017"]
[Site "Karlsruhe GER"]
[Date "2017.04.15"]
[Round "4.12"]
[White "Erdos, Viktor"]
[Black "Beerdsen, Thomas"]
[Result "1-0"]
[WhiteTitle "GM"]
[BlackTitle "IM"]
[WhiteElo "2593"]
[BlackElo "2446"]
[WhiteFideId "719978"]
[BlackFideId "1030108"]
[EventDate "2017.04.13"]

1. d4 Nf6 2. c4 e6 3. Nf3 d5 4. e3 Nbd7 5. Nc3 Be7 6. b3 O-O 7. Bb2 Ne4 8. Qc2
Nxc3 9. Bxc3 Re8 10. Bd3 Nf8 11. O-O Ng6 12. Rad1 c6 13. Ne5 Bd6 14. f4 f5 15.
g4 Rf8 16. Rf3 Bd7 17. Rg3 Ne7 18. Qg2 Bxe5 19. dxe5 g6 20. Kf2 Kf7 21. gxf5
exf5 22. Qh3 h5 23. Be2 Be6 24. Bb4 Rg8 25. Qh4 Ke8 26. Qf6 Kd7 27. Bf3 Qe8 28.
Rgg1 Rd8 29. Rd2 Qf7 30. Rgd1 Ke8 31. Bxe7 Qxe7 32. Qxe7+ Kxe7 33. cxd5 cxd5 34.
Bxd5 Bxd5 35. Rxd5 Rxd5 36. Rxd5 Rc8 37. Rd6 g5 38. fxg5 Rc5 39. Rh6 a5 40. Rxh5
a4 41. bxa4 Rc2+ 42. Kf3 Rxa2 43. g6 Rxa4 44. Rxf5 Ra6 45. Rf7+ Ke8 46. Rf6 1-0

[Event "GRENKE Chess Open 2017"]
[Site "Karlsruhe GER"]
[Date "2017.04.15"]
[Round "4.14"]
[White "Indjic, Aleksandar"]
[Black "Vrolijk, Liam"]
[Result "1/2-1/2"]
[WhiteTitle "GM"]
[BlackTitle "FM"]
[WhiteElo "2589"]
[BlackElo "2378"]
[WhiteFideId "911925"]
[BlackFideId "1048333"]
[EventDate "2017.04.13"]

1. d4 Nf6 2. Nf3 g6 3. c4 Bg7 4. g3 O-O 5. Bg2 d6 6. O-O Nc6 7. Nc3 a6 8. d5 Na5
9. b3 c5 10. dxc6 Nxc6 11. Bb2 Qa5 12. Qd2 Ne4 13. Nxe4 Qxd2 14. Nfxd2 Bxb2 15.
Rab1 Bg7 16. Rfc1 Bf5 17. h3 h5 18. e3 Rfd8 19. f3 Nb4 20. a3 Nd3 21. Rc2 Rac8
22. g4 Bxe4 23. Nxe4 d5 24. Nf2 dxc4 25. bxc4 b5 26. Rd1 bxc4 27. Nxd3 cxd3 1/2-1/2

[Event "GRENKE Chess Open 2017"]
[Site "Karlsruhe GER"]
[Date "2017.04.15"]
[Round "4.16"]
[White "Hansen, Torbjorn Ringdal"]
[Black "Wagner, Dennis"]
[Result "1/2-1/2"]
[WhiteTitle "GM"]
[BlackTitle "GM"]
[WhiteElo "2442"]
[BlackElo "2577"]
[WhiteFideId "1501720"]
[BlackFideId "24650684"]
[EventDate "2017.04.13"]

1. e4 e5 2. Nf3 Nc6 3. Bb5 a6 4. Ba4 Nf6 5. O-O Be7 6. Re1 b5 7. Bb3 d6 8. c3
O-O 9. h3 Nb8 10. d4 Nbd7 11. Nbd2 c5 12. Nf1 Re8 13. Ng3 Bf8 14. a4 Bb7 15. d5
c4 16. Bc2 Nc5 17. Bg5 Rb8 18. axb5 axb5 19. Qd2 Bc8 20. Ra2 g6 21. Rea1 Bg7 22.
Bh6 Nfd7 23. h4 Nb6 24. Qe3 Bg4 25. h5 Qe7 26. Ra7 Bd7 27. Bxg7 Kxg7 28. Nd2 Qh4
29. Nf3 Qf6 30. h6+ Kg8 31. Kf1 Ra8 32. Rxa8 Rxa8 33. Rxa8+ Nxa8 34. Nd2 Nb6 35.
b4 cxb3 36. Nxb3 Nc4 37. Qc1 Na4 38. Bd3 Qf4 39. Qxf4 exf4 40. Ne2 Ne5 41. Nxf4
Nxc3 42. f3 f5 43. exf5 Nxd3 44. Nxd3 Nxd5 45. fxg6 hxg6 46. Kf2 Kh7 47. Na5 Bc8
48. Nc6 Kxh6 49. Ncb4 Nxb4 50. Nxb4 Kg5 51. g4 Bxg4 52. fxg4 Kxg4 53. Ke3 g5 54.
Nd3 Kg3 55. Kd4 Kf3 56. Kc3 Ke3 57. Ne1 d5 58. Nc2+ Kf2 59. Nb4 g4 60. Nxd5 Kf3
61. Nb4 g3 62. Nd3 Ke3 63. Ne1 Kf2 64. Nd3+ Ke3 65. Ne1 Kf2 66. Nd3+ Kf1 67. Nf4
g2 68. Nxg2 Kxg2 69. Kb4 Kf3 70. Kxb5 1/2-1/2

[Event "GRENKE Chess Open 2017"]
[Site "Karlsruhe GER"]
[Date "2017.04.15"]
[Round "4.19"]
[White "Milov, Leonid"]
[Black "Bacrot, Etienne"]
[Result "1/2-1/2"]
[WhiteTitle "GM"]
[BlackTitle "GM"]
[WhiteElo "2426"]
[BlackElo "2696"]
[WhiteFideId "14101068"]
[BlackFideId "605506"]
[EventDate "2017.04.13"]

1. e4 e6 2. d4 d5 3. Nc3 Nf6 4. e5 Nfd7 5. Nce2 c5 6. c3 Nc6 7. Nf3 Qa5 8. Bf4
Qb6 9. Rb1 Be7 10. dxc5 Nxc5 11. Ned4 O-O 12. Bd3 f6 13. O-O Nxd4 14. Nxd4 1/2-1/2

[Event "GRENKE Chess Open 2017"]
[Site "Karlsruhe GER"]
[Date "2017.04.15"]
[Round "4.22"]
[White "Sundararajan, Kidambi"]
[Black "Piorun, Kacper"]
[Result "1/2-1/2"]
[WhiteTitle "GM"]
[BlackTitle "GM"]
[WhiteElo "2422"]
[BlackElo "2651"]
[WhiteFideId "5005370"]
[BlackFideId "1130420"]
[EventDate "2017.04.13"]

1. d4 f5 2. g3 Nf6 3. Bg2 g6 4. Nf3 Bg7 5. O-O O-O 6. b3 b6 7. Bb2 Bb7 8. c4 e6
9. Nc3 Ne4 10. Rc1 d6 11. Nxe4 Bxe4 12. Ne1 Bxg2 13. Nxg2 Nd7 14. Qd3 Qe7 15. e4
Nc5 16. dxc5 Bxb2 17. cxd6 Qxd6 18. Qxd6 cxd6 19. Rcd1 Ba3 20. Nf4 Kf7 21. Rfe1
Rfe8 22. Kg2 a6 23. h4 b5 24. e5 Rad8 25. exd6 Rxd6 26. Rxd6 Bxd6 27. Nd3 bxc4
28. bxc4 e5 29. c5 Bc7 30. Nb4 Ba5 1/2-1/2

[Event "GRENKE Chess Open 2017"]
[Site "Karlsruhe GER"]
[Date "2017.04.15"]
[Round "4.23"]
[White "Kozul, Zdenko"]
[Black "Lagunow, Alexander"]
[Result "1/2-1/2"]
[WhiteTitle "GM"]
[BlackTitle "IM"]
[WhiteElo "2631"]
[BlackElo "2421"]
[WhiteFideId "14502879"]
[BlackFideId "4616049"]
[EventDate "2017.04.13"]

1. d4 Nf6 2. c4 e6 3. g3 d5 4. Bg2 Be7 5. Nf3 O-O 6. O-O c6 7. Qc2 Nbd7 8. Rd1
b6 9. b3 Ba6 10. a4 Rc8 11. Ba3 c5 12. dxc5 Bxc5 13. Bxc5 Rxc5 14. Na3 Qb8 15.
Nd4 Bb7 16. b4 Rcc8 17. Qa2 Ne5 18. Rac1 Nc6 19. Nxc6 Bxc6 20. Nc2 dxc4 21. Bxc6
Rxc6 22. b5 Rd6 23. Rxd6 Qxd6 24. Qxc4 Nd7 25. Nb4 Nc5 26. Na6 Rc8 27. a5 Qd2
28. Nb4 Rc7 29. axb6 axb6 30. Ra1 g6 31. Nc6 Kg7 32. Qf4 Qxf4 33. gxf4 Ne4 34.
Ra6 Nc3 35. Nd4 Rd7 36. e3 Rxd4 37. exd4 Nxb5 38. d5 exd5 39. Rxb6 Nd4 40. Kg2
Nf5 41. Rb5 Ne7 42. Kf3 h5 43. Rb7 Kf6 44. Rb6+ Kg7 45. Rd6 Kg8 46. Ke2 Kg7 47.
Kd3 Kf8 48. Kc3 Kg7 49. Rd7 Kf6 50. Kd4 Ke6 51. Rb7 Nf5+ 52. Kc5 Nh4 53. h3 f6
54. Rb6+ Kf5 55. Kxd5 Ng2 56. Kd4 Nxf4 57. Rb5+ Ke6 58. Rb3 Kf5 59. Rf3 g5 60.
Ke3 Ke5 61. Kd2 h4 62. Ra3 Ke4 63. Re3+ 1/2-1/2

[Event "GRENKE Chess Open 2017"]
[Site "Karlsruhe GER"]
[Date "2017.04.15"]
[Round "4.24"]
[White "Yankelevich, Lev"]
[Black "Volkov, Sergey"]
[Result "1/2-1/2"]
[WhiteTitle "IM"]
[BlackTitle "GM"]
[WhiteElo "2421"]
[BlackElo "2631"]
[WhiteFideId "24684074"]
[BlackFideId "4122763"]
[EventDate "2017.04.13"]

1. d4 d5 2. c4 c6 3. Nf3 Nf6 4. Nc3 a6 5. a4 e6 6. g3 dxc4 7. Bg2 c5 8. dxc5
Qxd1+ 9. Nxd1 Bd7 10. Ne5 Bc6 11. Nxc6 Nxc6 12. Bd2 Nd5 13. Rc1 Bxc5 14. Rxc4
Be7 15. Ne3 O-O-O 16. Nxd5 exd5 17. Rc1 Kb8 18. O-O Nd4 19. Rfe1 Nb3 20. Bf4+
Bd6 21. Rc3 Nd4 22. Rd3 Nc2 23. Bxd6+ Rxd6 24. Red1 Nb4 25. Rd4 a5 26. e4 Re8
27. R4d2 Kc7 1/2-1/2

[Event "GRENKE Chess Open 2017"]
[Site "Karlsruhe GER"]
[Date "2017.04.15"]
[Round "4.25"]
[White "Perske, Thore"]
[Black "Melkumyan, Hrant"]
[Result "1/2-1/2"]
[WhiteTitle "FM"]
[BlackTitle "GM"]
[WhiteElo "2413"]
[BlackElo "2619"]
[WhiteFideId "12902195"]
[BlackFideId "13302485"]
[EventDate "2017.04.13"]

1. e4 c6 2. d3 d5 3. Nd2 e5 4. Ngf3 Bd6 5. d4 exd4 6. Bd3 Ne7 7. O-O Bg4 8. Re1
h6 9. h3 Bh5 10. exd5 cxd5 11. g4 Bg6 12. Bxg6 fxg6 13. Nxd4 Kf7 14. Ne6 Qc8 15.
c4 Nd7 16. cxd5 Nf6 17. Ne4 Qd7 18. Nxf6 gxf6 19. Bf4 Rac8 20. Qb3 b6 21. Re2
Rhe8 22. Rd1 Ng8 23. Qd3 Re7 24. Bd2 Ree8 25. Bc3 Bb8 26. Qf3 Bd6 27. h4 Qa4 28.
b3 Rxc3 29. Qxc3 Qxg4+ 30. Kf1 Qxh4 31. Qf3 f5 32. Rd4 Qf6 33. Rd1 Qh4 34. Rd4
Qf6 35. Rd1 1/2-1/2

[Event "GRENKE Chess Open 2017"]
[Site "Karlsruhe GER"]
[Date "2017.04.15"]
[Round "4.27"]
[White "Saric, Ivan"]
[Black "Bruedigam, Martin"]
[Result "1-0"]
[WhiteTitle "GM"]
[BlackTitle "FM"]
[WhiteElo "2609"]
[BlackElo "2403"]
[WhiteFideId "14508150"]
[BlackFideId "24608033"]
[EventDate "2017.04.13"]

1. e4 e5 2. Nf3 Nc6 3. Bb5 a6 4. Ba4 Nf6 5. O-O Be7 6. Re1 b5 7. Bb3 d6 8. c3
O-O 9. h3 Na5 10. Bc2 c5 11. d4 Qc7 12. Nbd2 Nc6 13. d5 Nd8 14. a4 Rb8 15. b4
Bd7 16. bxc5 dxc5 17. axb5 axb5 18. c4 b4 19. Bb2 Bd6 20. Ra6 Ne8 21. Rxd6 Nxd6
22. Nxe5 Bc8 23. Nd3 f6 24. f4 Rb6 25. e5 fxe5 26. fxe5 Nf5 27. e6 Nxe6 28. dxe6
Rxe6 29. Rxe6 Bxe6 30. Qe2 Bc8 31. Ne5 Nd4 32. Bxd4 cxd4 33. Ndf3 Qc5 34. Kh1 g6
35. Be4 Be6 36. Bd3 Bc8 37. Ng5 Qe7 38. h4 Re8 39. Qf2 b3 40. Ngf3 Qc5 41. Qg3
Qf8 42. Bxg6 Re7 43. Be4+ Qg7 44. Qf4 b2 45. Bb1 Bb7 46. c5 Bd5 47. Qxd4 Bxf3
48. Ba2+ 1-0

[Event "GRENKE Chess Open 2017"]
[Site "Karlsruhe GER"]
[Date "2017.04.15"]
[Round "4.29"]
[White "Hilverda, Alexander"]
[Black "Kulaots, Kaido"]
[Result "0-1"]
[BlackTitle "GM"]
[WhiteElo "2396"]
[BlackElo "2588"]
[WhiteFideId "4695437"]
[BlackFideId "4500261"]
[EventDate "2017.04.13"]

1. d4 Nf6 2. c4 e6 3. Nf3 Bb4+ 4. Bd2 a5 5. g3 d6 6. Nc3 O-O 7. Bg2 Nbd7 8. O-O
e5 9. Nd5 Bxd2 10. Qxd2 c6 11. Nxf6+ Qxf6 12. Rac1 Re8 13. Ng5 Qe7 14. f4 exd4
15. Qxd4 Nc5 16. Rfe1 h6 17. Nf3 Bf5 18. e4 Bxe4 19. Nh4 Qe6 20. Rcd1 Rad8 21.
f5 Qe5 22. Qxe5 Rxe5 23. Rd4 d5 24. Bxe4 Rxe4 25. Rexe4 Nxe4 26. cxd5 Nf6 27. d6
Ne8 28. d7 Nf6 29. Ra4 Rxd7 30. Rxa5 Rd1+ 31. Kg2 Rd2+ 32. Kf3 Rxb2 33. Ra8+ Kh7
34. Rf8 Nd7 35. Rd8 Rd2 36. Ke3 Rd5 37. g4 g6 38. h3 Kg7 39. Ra8 Nb6 40. Rb8
Nc4+ 41. Ke4 Nd6+ 42. Ke3 gxf5 43. Nxf5+ Nxf5+ 44. gxf5 Rb5 45. h4 Kf6 46. Rh8
Kg7 47. Rb8 h5 48. Ke4 Kf6 49. a3 Rb3 50. Rh8 Rxa3 51. Rh6+ Kg7 52. Rxh5 f6 53.
Kd4 Ra5 54. Kc4 Rd5 55. Kb4 b5 56. Kc3 c5 0-1

[Event "GRENKE Chess Open 2017"]
[Site "Karlsruhe GER"]
[Date "2017.04.15"]
[Round "4.30"]
[White "Lodici, Lorenzo"]
[Black "Graf, Alexander"]
[Result "0-1"]
[WhiteTitle "IM"]
[BlackTitle "GM"]
[WhiteElo "2402"]
[BlackElo "2577"]
[WhiteFideId "884189"]
[BlackFideId "4680804"]
[EventDate "2017.04.13"]

1. d4 d5 2. c4 c6 3. Nc3 Nf6 4. Nf3 e6 5. g3 Be7 6. Bg2 O-O 7. O-O b6 8. Ne5 Bb7
9. e4 Na6 10. Bf4 dxc4 11. Nxc4 b5 12. Ne3 Qb6 13. a4 Rfd8 14. Be5 Nb4 15. a5
Qa6 16. Qe2 c5 17. d5 Nd7 18. Bc7 Rdc8 19. d6 Bxd6 20. Bxd6 Qxd6 21. Rfd1 Qe7
22. Qxb5 Ne5 23. a6 Bc6 24. Qe2 c4 25. b3 cxb3 26. Rdb1 Rcb8 27. Rxb3 Nxa6 28.
Rxb8+ Nxb8 29. f4 Qc5 30. Na4 Qb4 31. Nc2 Qa5 32. Qd1 Ng6 33. Nd4 Ne7 34. Nb3
Qc7 35. Rc1 Nd7 36. e5 Rd8 37. Qc2 Nb8 38. Qc5 Qd7 39. Bxc6 Nbxc6 40. Nc3 Qb7
41. Na5 Nxa5 42. Qxa5 Rc8 43. Rb1 Qf3 44. Rd1 Nd5 45. Qa6 Qxc3 0-1

[Event "GRENKE Chess Open 2017"]
[Site "Karlsruhe GER"]
[Date "2017.04.15"]
[Round "4.31"]
[White "Heimann, Andreas"]
[Black "Markidis, Konstantinos"]
[Result "1-0"]
[WhiteTitle "GM"]
[WhiteElo "2577"]
[BlackElo "2378"]
[WhiteFideId "24624632"]
[BlackFideId "4203500"]
[EventDate "2017.04.13"]

1. e4 e6 2. d4 d5 3. Nc3 Nf6 4. e5 Nfd7 5. f4 c5 6. Nf3 Nc6 7. Be3 Be7 8. dxc5
Nxc5 9. Qd2 a6 10. a3 Qa5 11. Nd4 Qc7 12. g3 Bd7 13. Bg2 Rc8 14. O-O O-O 15.
Rad1 Nxd4 16. Bxd4 Na4 17. Nxa4 Bxa4 18. Rc1 Bb5 19. Rf2 Rfd8 20. Qe3 Bc5 21.
Rd1 Qb6 22. c3 Be8 23. g4 Bxd4 24. Rxd4 Rc4 25. Rfd2 Rxd4 26. Qxd4 Qxd4+ 27.
Rxd4 Bb5 28. Kf2 Bc4 29. Ke3 Kf8 30. f5 f6 31. exf6 e5 32. fxg7+ Kxg7 33. Rd2
Kf6 34. Bf3 a5 35. Bd1 h6 36. h4 Rd6 37. Bc2 Rd7 38. a4 b6 39. b3 Ba6 40. Be4
Bb7 41. Bg2 Bc6 42. Bf3 Rd8 43. Rd1 Rd7 44. Kf2 Bb7 45. Rd2 h5 46. g5+ Kxf5 47.
Bxh5 Rh7 48. g6 Rc7 49. Rd3 e4 50. Rg3 Kf6 51. Be2 Kg7 52. h5 Bc8 53. Ke1 Be6
54. Kd2 Bf5 55. Rg1 Kf6 56. Bd1 Kg7 57. Rf1 Be6 58. Be2 Bg8 59. Bg4 Ra7 60. Ke3
Re7 61. Be2 Rc7 62. Kd4 Re7 63. Rf4 Rd7 64. Rf1 Rc7 65. Bb5 Re7 66. c4 dxc4 67.
Bxc4 Bxc4 68. bxc4 e3 69. Re1 e2 70. Kd3 Re5 71. Rxe2 Rxh5 72. Re6 Rh3+ 73. Kd4
Rb3 74. Kd5 Rb4 75. Rc6 Kh6 76. Ke5 Rb1 77. Kf6 Rf1+ 78. Ke7 Kg7 79. Rxb6 Rc1
80. Rc6 Ra1 81. c5 Rxa4 82. Ra6 Rc4 83. Kd7 a4 84. c6 Rd4+ 85. Kc8 Rc4 86. c7
Rb4 87. Kd7 1-0